[Event "Elbow Beach Club GM-B"]
[Site "Paget Parish"]
[Date "2001.01.24"]
[Round "6"]
[White "Thorhallsson, Throstur"]
[Black "Blehm, Pawel"]
[Result "0-1"]
[WhiteElo "2462"]
[BlackElo "2512"]
[Annotator "Hecht,H"]
[PlyCount "140"]
[EventDate "2001.01.19"]
[EventType "tourn"]
[EventRounds "11"]
[EventCountry "BER"]
[EventCategory "9"]
[SourceTitle "CBM 081"]
[Source "ChessBase"]
[SourceDate "2001.03.20"]
[SourceVersion "1"]
[SourceVersionDate "2001.03.20"]
[SourceQuality "1"]

1. e4 c5 2. Nf3 Nc6 3. d4 cxd4 4. Nxd4 g6 5. Be2 Bg7 6. Nb3 Nf6 7. Nc3 d6 8.
O-O O-O 9. Bg5 a6 10. a4 Na5 11. Nxa5 Qxa5 12. Qd2 Be6 13. Kh1 Rfc8 14. Bd3 Rc5
15. f4 h6 16. Bh4 Rac8 17. Qe1 g5 18. Bf2 R5c7 19. fxg5 hxg5 20. Bd4 Ng4 21.
Bxg7 Kxg7 22. Qg3 Rh8 23. h3 Qe5 24. Qxe5+ Nxe5 25. Kg1 g4 26. hxg4 Nxg4 27.
Rf3 Rc5 28. Ne2 Rch5 29. Ng3 Rg5 30. Be2 Kf8 31. Bf1 Rhg8 32. Raa3 Nf6 33. Rfe3
Bd7 34. Be2 Nxe4 35. Rxe4 Rxg3 36. Rxg3 Rxg3 37. Kf2 Bc6 38. Kxg3 Bxe4 {
[#] Leicht verständliche und technisch saubere Verwertung eines Mehrbauern bei
fortschreitendem Raumvorteil. Unklar ist, warum Weiß nicht die Chance zu a5
nutzt.} 39. c3 e6 (39... a5 $1) 40. Kf2 (40. a5 $5 {gefolgt von Kf2, g3 und
Ke3 und es gibt wenigstens nicht die auf die Läuferfarbe festgelegte
Bauernschwäche a4.}) 40... Ke7 41. Bd1 a5 $1 42. g3 d5 43. Ke3 Kd6 44. Be2 Bc2
45. Bb5 e5 46. Be8 f6 47. Bb5 Bf5 48. Be2 Bd7 49. Bd1 Kc5 50. Kd2 d4 51. Bc2 f5
52. Bb3 b6 53. Bc2 Be6 54. Bd1 e4 55. cxd4+ Kxd4 56. Bc2 Bc4 57. Bd1 e3+ 58.
Ke1 f4 59. gxf4 Ke4 60. Bh5 Kxf4 61. Be8 Ke4 62. Bg6+ Kd4 63. Bc2 Bd3 64. Bb3
Kc5 65. Bf7 Kb4 {Die Schwäche des Ba4 wirkt in jedem Falle entscheidend.} 66.
b3 (66. Be8 Kb3 67. Bd7 Kxb2 68. Be8 Kc3 69. Bd7 Kb4 70. Be8 b5 ({oder} 70...
Bc2 71. Ke2 Bxa4 72. Bg6 Kc3 73. Kxe3 Bb3 $19) 71. axb5 Bxb5 72. Bxb5 Kxb5 73.
Ke2 Kc4 74. Kxe3 Kc3 75. Ke2 Kc2 $19) 66... Kc3 67. Be6 Bc2 68. Ke2 Bxb3 69.
Bf5 (69. Bd7 Kb4 70. Kxe3 Bxa4 71. Bf5 Kc3 $19 {[%cal Ra4b3,Ra5a1]}) 69... Bxa4
70. Kxe3 Bc2 0-1

[Event "Linares 14th"]
[Site "Linares"]
[Date "1997.02.04"]
[Round "1"]
[White "Adams, Michael"]
[Black "Dreev, Alexey"]
[Result "1-0"]
[WhiteElo "2665"]
[BlackElo "2650"]
[Annotator "Huzman,A"]
[PlyCount "107"]
[EventDate "1997.02.04"]
[EventType "tourn"]
[EventRounds "11"]
[EventCountry "ESP"]
[EventCategory "18"]
[SourceTitle "CBM 057"]
[Source "ChessBase"]
[SourceDate "1997.04.01"]
[SourceVersion "1"]
[SourceVersionDate "1997.04.01"]
[SourceQuality "1"]

1. e4 c5 2. Nf3 Nc6 3. d4 cxd4 4. Nxd4 Nf6 5. Nc3 d6 6. g3 g6 7. Bg2 Bg7 $6 8.
Nxc6 bxc6 9. e5 dxe5 10. Qxd8+ $1 (10. Bxc6+ Bd7 11. Bxa8 Qxa8 $44) 10... Kxd8
11. Bxc6 Rb8 12. Be3 Rxb2 $2 (12... a6 13. Ba7 Rb4 14. a3 Rxb2 (14... Rd4 $4
15. Bb6#) 15. O-O-O+ Kc7 16. Kxb2 Kxc6 $44) (12... Kc7 13. Ba4 (13. Bg2 a6 14.
O-O-O $14 {+/= Cifuentes Parada,R-Gulko,B/Amsterdam II 1988}) 13... a6 14.
O-O-O Bb7 15. Rhe1 Bf3 (15... Rbd8 16. Bb3 e6 17. Na4 $14 {1/2-1/2 Radu,
E-Shumiakina,T/Bucharest-AW 1994 (39)}) 16. Rd3 (16. Rd2 e6 17. Bb3 Ng4 18. Bc4
Nxe3 19. fxe3 e4 $132 {0-1 Burchardt Hofman,B-Prudnikova,S/Halle-W 1987 (44)})
16... Rhd8 17. Ba7 Rb7 18. Rxf3 Rxa7 19. Rxe5 $16 {Filipenko,A-Lugovoi,A/
Smolensk Alekhine op 1992/1-0 (70)}) 13. O-O-O+ Kc7 14. Bb5 $1 {It seems,that
this move the black overlooked.} Rb4 15. a3 Rxb5 (15... Re4 16. Bxa7 $18) 16.
Nxb5+ Kb7 17. Nxa7 Bf5 (17... Bd7 18. Rd3 Be6 (18... Ra8 19. Rb3+ Ka6 20. Rb6+
Ka5 21. Rd1 Rxa7 22. Rxf6 $18) 19. Rhd1 Ra8 20. Kd2 $1 $18) 18. Kb2 Ng4 19. Nb5
Rc8 20. Rd2 (20. c3 Ka6 21. a4 Nxe3 22. fxe3 Ka5 $132) 20... Ka6 21. a4 e4+ 22.
Bd4 Bh6 23. Re2 e5 24. Ba7 (24. Bc3 e3 25. f3 Nf2) 24... Rc4 25. h3 (25. Ra1
Be6 26. h3 Ka5 (26... Rb4+ 27. Ka3 Bf8 28. Nc7+ Kxa7 29. Nxe6 $18) 27. c3 $18)
25... Nf6 26. Nd6 (26. Bb8 Rxa4 $1 (26... Nd7 27. Bd6 Rxa4 28. Nc3 Rd4 29. Ra1+
Kb7 (29... Kb6 30. Be7 $16) 30. Nb5 $16) 27. Bxe5 Rb4+ 28. Ka3 Rxb5 29. Bxf6
Be6 $132) (26. Be3 Rb4+ 27. Kc1 (27. Kc3 Nd5+ 28. Kd2 Nxe3 29. fxe3 Rxa4 30.
Rb1) 27... Rxa4 28. Nc3 Ra1+ 29. Nb1 Bf8 30. Kb2 Ra4 $14) 26... Rxa4 27. Be3
Bf8 28. Nxf5 (28. Kb3 Ra5 29. Rd2 $16) 28... Rb4+ 29. Kc1 gxf5 30. c3 Ra4 (
30... Rc4 31. Ra2+ Kb5 32. Kd2 $18) 31. Kb2 Kb5 32. Rd2 Be7 33. Bg5 $1 e3 (
33... Kc4 34. Bxf6 Bxf6 35. Rd7 $18) 34. Bxe3 Kc4 35. Ra1 Rxa1 36. Kxa1 Nd5 (
36... Kxc3 37. Kb1 $18) 37. Kb2 Bd8 (37... Bf6 38. Kc2 $18) 38. Kc2 Ba5 39. Rd1
h5 40. Bd2 Bb6 41. Be1 f4 42. Ra1 $18 f3 (42... fxg3 43. fxg3 f5 44. Ra4+ Kb5
45. Rh4 $18) 43. Ra4+ Kc5 44. c4 Nf6 45. Ba5 $1 Nd7 (45... Ne4 46. Bxb6+ Kxb6
47. Ra3 $18) 46. Kd3 f5 47. Bxb6+ Kxb6 48. Ke3 e4 49. Rb4+ Kc6 50. Rb5 Nc5 51.
Rb8 Nd7 52. Rh8 Ne5 53. Kd4 Nd3 54. Rxh5 1-0

[Event "Petrov Memorial op"]
[Site "St Petersburg"]
[Date "1996.??.??"]
[Round "7"]
[White "Yemelin, Vasily"]
[Black "Bakhrakh, Victor"]
[Result "1-0"]
[WhiteElo "2495"]
[BlackElo "2325"]
[Annotator "Johnson,M"]
[PlyCount "55"]
[EventDate "1996.02.??"]
[EventType "swiss"]
[EventRounds "9"]
[EventCountry "RUS"]
[SourceTitle "CBM 052"]
[Source "ChessBase"]
[SourceDate "1996.06.01"]
[SourceVersion "1"]
[SourceVersionDate "1996.06.01"]
[SourceQuality "1"]

1. e4 {King} c5 2. Nf3 d6 3. d4 cxd4 4. Nxd4 Nf6 5. Nc3 g6 6. Be2 Bg7 7. O-O
O-O 8. Re1 Nc6 9. Nb3 a5 (9... a6 10. Bf1 b5 11. Nd5 Nd7 $1 12. c3 e6 13. Ne3
Nb6 14. f4 Bb7 15. Ng4 Nc4 16. Nd2 Qb6+ 17. Kh1 Nxd2 18. Bxd2 f5 $15 {
Zagrebelny-Serper,Tashkent,1992}) 10. Bb5 Be6 11. Bg5 Rc8 12. Nd5 Bxd5 13. exd5
Nb4 14. c4 h6 15. Bd2 Nd7 $2 (15... b6) 16. Nxa5 Nd3 17. Nxb7 Qb6 18. Be3 Qxb7
19. Qxd3 Bxb2 20. Rab1 Bg7 21. Qd2 Ne5 22. Bxh6 Bxh6 23. Qxh6 Qa7 24. Rb3 {
King: Not sophisticated, but highly effective.} Qa5 25. Re2 Ng4 26. Qh4 Nf6 27.
Rh3 Nh5 28. g4 1-0

[Event "RUS-chT 03rd"]
[Site "Kazan"]
[Date "1995.??.??"]
[Round "8"]
[White "Nevostrujev, Vladimir"]
[Black "Yakovich, Yuri"]
[Result "0-1"]
[WhiteElo "2410"]
[BlackElo "2560"]
[Annotator "Johnson,M"]
[PlyCount "86"]
[EventDate "1995.??.??"]
[EventType "team-tourn"]
[EventRounds "9"]
[EventCountry "RUS"]
[SourceTitle "CBM 051"]
[Source "ChessBase"]
[SourceDate "1996.04.01"]
[SourceVersion "1"]
[SourceVersionDate "1996.04.01"]
[SourceQuality "1"]
[WhiteTeam "Kemerovo SDYuShOR Politekhnik"]
[BlackTeam "Azov Ladya"]
[WhiteTeamCountry "RUS"]
[BlackTeamCountry "RUS"]

1. e4 c5 2. Nf3 d6 3. d4 cxd4 4. Nxd4 Nf6 5. Nc3 g6 6. Be2 Bg7 7. O-O O-O 8.
Re1 Nc6 9. Nb3 Be6 10. Bf1 a5 (10... d5 11. Nc5 Bg4 12. f3 d4 13. Ne2 Bc8 14.
c3 dxc3 15. Nxc3 Qc7 16. Be3 b6 17. Na6 Qb7 18. Rc1 Bd7 19. Qb3 Be6 20. Qb5 Nd8
(20... Rac8 21. Nc5 Qb8 22. Nxe6 fxe6 $14) 21. e5 Ne8 22. Red1 Rc8 23. f4 Nc7
24. Nxc7 Rxc7 25. Be2 Bd7 26. Qd3 Bc6 27. Nd5 Bxd5 28. Rxc7 Qxc7 29. Qxd5 Ne6
30. Rc1 Qb8 31. b4 Rc8 32. Rxc8+ Qxc8 33. Bc4 Nd8 34. Qe4 e6 35. Kf2 Nc6 36. a3
h5 $10 {Zagrebelny,S-Leko,P/Budapest Exp 1993 0-1(69)}) 11. a4 Bxb3 $1 {>< b4}
12. cxb3 e6 13. Bc4 Nb4 14. Bg5 h6 15. Bxf6 Qxf6 $15 16. Qd2 Rfd8 17. Rad1 Kh7
18. Re2 d5 19. exd5 exd5 20. Bb5 (20. Nxd5 Rxd5 21. Bxd5 Rd8 22. Bxb7 Rxd2 23.
Rexd2 Qe6 $17) (20. Bxd5 Qf5 $1 $19) (20. Bd3) 20... Rac8 21. Ree1 Rc7 22. Bd3
Re7 23. Rxe7 Qxe7 24. Bb1 Re8 25. g3 (25. Nxd5 $4 Nxd5 26. Qxd5 Qe1+) 25... Qe5
26. Na2 (26. Nxd5 $4 Nxd5 27. Qxd5 Qxd5 28. Rxd5 Re1+ 29. Kg2 Rxb1) 26... Nc6
27. Kg2 d4 28. Nc1 Qd5+ 29. f3 Re7 30. Bd3 Ne5 31. Be4 Qe6 32. Qxa5 $6 (32. h3)
32... Ng4 $1 $17 33. Rd2 Ne3+ 34. Kg1 Qh3 35. Rf2 d3 $1 36. Nxd3 (36. Bxd3 Bd4
37. Qb4 Rd7) 36... Bd4 37. Qd8 (37. Qb4 Rd7 38. Qe1 Qe6 $17) 37... Rd7 38. Qe8
Nd1 $19 39. g4 Bxf2+ 40. Nxf2 Qh4 41. Nd3 (41. Qxd7 Qxf2+ 42. Kh1 Qf1#) 41...
Re7 42. Qd8 f5 $1 43. gxf5 Rxe4 0-1

[Event "Buenos Aires Najdorf"]
[Site "Buenos Aires"]
[Date "1996.??.??"]
[Round "2"]
[White "Tiviakov, Sergei"]
[Black "Zarnicki, Pablo Adrian"]
[Result "1-0"]
[WhiteElo "2625"]
[BlackElo "2545"]
[Annotator "Johnson,M"]
[PlyCount "77"]
[EventDate "1996.04.??"]
[EventType "tourn"]
[EventRounds "9"]
[EventCountry "ARG"]
[EventCategory "13"]
[SourceTitle "CBM 053"]
[Source "ChessBase"]
[SourceDate "1996.08.01"]
[SourceVersion "1"]
[SourceVersionDate "1996.08.01"]
[SourceQuality "1"]

1. e4 c5 2. Nf3 d6 3. d4 cxd4 4. Nxd4 Nf6 5. Nc3 Nc6 6. g3 g6 7. Nde2 Bg7 8.
Bg2 O-O 9. O-O Rb8 (9... Bd7) 10. Nd5 Nxd5 $6 (10... b5 11. h3 b4 12. Bg5 Nd7
13. Rb1 Re8 14. c3 Ba6 15. Re1 Nde5 16. Qd2 Nc4 17. Qc1 N4e5 18. Qd2 Nc4 19.
Qc1 N4e5 {1/2-1/2 Mortensen,E-Ernst,T/Gausdal zt 1987}) 11. exd5 Ne5 12. h3 Bd7
13. c3 Bb5 14. b3 Bxe2 15. Qxe2 b5 16. Be3 Qc7 17. Rac1 a5 18. c4 bxc4 19. f4
Nd7 20. Rxc4 Nc5 21. Rfc1 Rb4 22. Kh2 (22. Bxc5 $2 Rxc4 23. Qxc4 dxc5 24. Qxc5
$4 Bd4+ {-+}) 22... Rc8 23. h4 Rxc4 24. Rxc4 Rb8 25. Qc2 Rb4 26. a3 Rxc4 27.
Qxc4 Qb8 28. b4 axb4 29. axb4 Na4 30. b5 Nc5 31. Bxc5 dxc5 32. Qxc5 Qd6 33. Qa7
e5 34. dxe6 fxe6 35. b6 Bh6 36. b7 Bxf4 37. gxf4 Qxf4+ 38. Kg1 Qc1+ 39. Bf1 1-0

[Event "Sakthi"]
[Site "Sakthi"]
[Date "1996.??.??"]
[Round "10"]
[White "Tilak, Sharad S"]
[Black "Konguvel, Ponnuswamy"]
[Result "1-0"]
[WhiteElo "2385"]
[BlackElo "2395"]
[Annotator "Johnson,M"]
[PlyCount "115"]
[EventDate "1996.??.??"]
[EventType "tourn"]
[EventRounds "11"]
[EventCountry "IND"]
[EventCategory "9"]
[SourceTitle "CBM 053"]
[Source "ChessBase"]
[SourceDate "1996.08.01"]
[SourceVersion "1"]
[SourceVersionDate "1996.08.01"]
[SourceQuality "1"]

1. e4 c5 2. Nf3 Nc6 3. d4 cxd4 4. Nxd4 g6 5. Be2 Bg7 6. Nb3 Nf6 7. Nc3 d6 8.
O-O Be6 9. Kh1 Rc8 10. f4 a6 $6 {A waste of time, it serves no purpose in this
position} (10... O-O $142 11. Be3 Na5 12. f5 (12. g4 $6 Rxc3 $1 13. bxc3 Nxe4
14. Bd4 Nxc3 $17) 12... Bc4 13. g4 Bxe2 14. Qxe2 Nc4 15. g5 Nd7 $15 {><b2,c3})
11. Be3 O-O 12. g4 $6 (12. Bf3 $142 Na5 13. e5 $1 Nc4 (13... dxe5 $4 14. Qxd8
Rfxd8 15. Nxa5 $19) 14. exf6 Nxe3 15. fxg7 $1 Nxd1 16. gxf8=Q+ Qxf8 17. Raxd1
$14) 12... Na5 13. g5 $2 (13. Nxa5 $142 Qxa5 14. Bd4) 13... Rxc3 $1 14. gxf6 (
14. bxc3 Nxe4 $19) 14... Rxe3 15. fxg7 Re8 (15... Kxg7 $4 16. Qd4+) 16. f5 gxf5
$1 17. exf5 Bd7 $17 18. Nd4 Qb6 19. Rf4 e5 20. fxe6 Bxe6 21. Bd3 Bd5+ 22. Kg1
Be4 23. Qh5 Re7 24. Bxe4 R3xe4 25. Rxe4 Rxe4 26. c3 Qc5 (26... Re5) 27. Qf3
Qg5+ 28. Kh1 Rf4 29. Qg2 Qxg2+ 30. Kxg2 Kxg7 31. Rd1 Nc4 32. Kg3 Rf6 33. b3 Ne5
34. c4 Rg6+ $2 35. Kf4 Kf6 36. Ke4 Rg2 37. Kd5 Rxh2 38. Kxd6 Ng4 39. Kc7 Rxa2
40. Kxb7 Ne5 41. c5 h5 42. Rf1+ Kg6 43. Nf3 Nxf3 44. Rxf3 Rc2 45. c6 h4 46. c7
f5 47. c8=Q Rxc8 48. Kxc8 Kg5 49. b4 Kg4 50. Ra3 h3 51. Rxa6 h2 52. Ra1 f4 53.
b5 Kg3 54. b6 Kg2 55. b7 h1=Q 56. Rxh1 Kxh1 57. b8=Q f3 58. Qb7 1-0

[Event "Budapest FS03 GM"]
[Site "Budapest"]
[Date "1996.??.??"]
[Round "4"]
[White "Tolnai, Tibor"]
[Black "Afek, Yochanan"]
[Result "1-0"]
[WhiteElo "2450"]
[BlackElo "2395"]
[Annotator "Johnson,M"]
[PlyCount "81"]
[EventDate "1996.03.??"]
[EventType "tourn"]
[EventRounds "13"]
[EventCountry "HUN"]
[EventCategory "9"]
[SourceTitle "CBM 053"]
[Source "ChessBase"]
[SourceDate "1996.08.01"]
[SourceVersion "1"]
[SourceVersionDate "1996.08.01"]
[SourceQuality "1"]

1. e4 c5 2. Nf3 Nc6 3. d4 cxd4 4. Nxd4 g6 5. Nb3 Bg7 6. Be2 Nf6 7. Nc3 O-O 8.
O-O d6 9. Re1 (9. Kh1) (9. Bg5) 9... Be6 (9... a6 10. Bf1 b5 11. Nd5 Nd7 12. c3
{/\ Bg5} e6 13. Ne3 Nb6 14. f4 Bb7 15. Ng4 Nc4 16. Nd2 Qb6+ 17. Kh1 Nxd2 18.
Bxd2 f5 $1 19. Be3 Qc7 20. Nf2 (20. exf5 $2 gxf5 21. Nf2 Rf6 $17) 20... e5 $1
$17 {Zagrebelny,S-Serper,G/Tashkent/1992}) 10. Bf1 a5 (10... d5 11. Nc5 d4 12.
Nxe6 fxe6 13. Nb1 Ne5 14. h3 Qb6 15. Bd3 Nh5 16. Nd2 Nf4 17. Nc4 Nxc4 18. Bxc4
d3 19. Be3 Qxb2 20. cxd3 Qxa1 21. Qxa1 Bxa1 22. Rxa1 $15 {Bauer,C-Aronian,L/
Candas op/1996}) 11. a4 Nb4 (11... Rc8 12. Nd5 Bxd5 13. exd5 Nb4 14. c4 Nd7 $1
$10) 12. Nd4 Qc8 (12... Rc8 13. Nxe6 fxe6 14. Bg5 Nd7 15. Rc1 Nb6 16. Qd2 Nc4
17. Bxc4 Rxc4 18. Nd1 $14) 13. Nxe6 fxe6 14. Bg5 Qc6 15. Bb5 Qc7 16. h3 Rac8
17. Rc1 Rf7 18. Bd3 Nd7 19. Nb5 Qb8 $14 (19... Qd8 $4 20. Nxd6 {+-}) (19... Qc5
20. Be3 Qe5 21. c3 Nxd3 22. Qxd3 Nc5 $10) 20. c3 Nxd3 21. Qxd3 e5 $6 (21... b6)
22. Be3 Nc5 23. Qc4 Rc6 24. Red1 Qe8 25. Na7 (25. Rc2 $1 {/\ Rcd2}) 25... Rc7
26. b4 Na6 (26... Qxa4 $4 27. Nb5 $1 (27. Ra1 $2 Qb3 28. Qxb3 Nxb3 29. Ra3 Rxc3
$17) 27... Rc8 28. Ra1 Qb3 29. Qxb3 Nxb3 30. Ra3 a4 31. Rxa4 {+-}) 27. Qb3 $16
Qf8 28. Bb6 Bh6 29. Bxc7 Bxc1 30. Bxa5 Bf4 31. Nb5 Qh6 32. Nc7 Nxc7 33. Bxc7
Kg7 34. Bb6 g5 35. a5 g4 36. Rd3 Qg6 37. Qc4 h5 38. h4 g3 39. Rf3 Qg4 40. fxg3
d5 41. Qxd5 1-0

[Event "Petrov Memorial op"]
[Site "St Petersburg"]
[Date "1996.??.??"]
[Round "2"]
[White "Loskutov, Oleg"]
[Black "Mukhametov, Eldar"]
[Result "0-1"]
[WhiteElo "2440"]
[BlackElo "2505"]
[Annotator "Johnson,M"]
[PlyCount "64"]
[EventDate "1996.02.??"]
[EventType "swiss"]
[EventRounds "9"]
[EventCountry "RUS"]
[SourceTitle "CBM 052"]
[Source "ChessBase"]
[SourceDate "1996.06.01"]
[SourceVersion "1"]
[SourceVersionDate "1996.06.01"]
[SourceQuality "1"]

1. e4 c5 2. Nf3 Nc6 3. d4 cxd4 4. Nxd4 Nf6 5. Nc3 d6 6. Be2 g6 7. O-O Bg7 8.
Nb3 O-O 9. Bg5 Be6 10. f4 Qc8 (10... Na5) (10... b5 $5) 11. Bf3 (11. Kh1 $1 Rd8
12. Bf3 Bc4 13. Rf2 e6 14. Rd2 Qc7 15. Qe1 h6 16. Bh4 {Karpov-Miles, Bad
Lauterberg 1977}) 11... Bg4 (11... a5 12. Nd5 $6 (12. a4) 12... Bxd5 13. exd5
Nb4 14. c3 Na6 15. a3 a4 16. Nd4 Qc4 17. Qe2 Qxe2 18. Nxe2 Nc5 19. Rad1 Ra6 20.
Nc1 Rb6 21. Rf2 Nfe4 $1 $17 {Sugar-Szalanczy,Budapest,1981}) 12. Nd5 $6 Bxf3
13. gxf3 (13. Qxf3 Nxd5 14. exd5 Nd4 15. Nxd4 Bxd4+ 16. Kh1 Bxb2 17. Rab1 Bf6
18. Bxf6 exf6 $15) 13... Nxd5 14. exd5 h6 15. Bh4 (15. dxc6 hxg5 16. cxb7 Qxb7
17. fxg5 Bxb2 18. Rb1 Bg7 $15) 15... Qh3 16. Bf2 Nb8 17. Bd4 Nd7 18. Bxg7 Kxg7
19. Qd4+ Nf6 20. Rae1 Rac8 21. c4 Rc7 22. Nd2 Qf5 23. Qxa7 Qxf4 24. Qe3 Qh4 25.
a4 e6 26. dxe6 fxe6 27. f4 Nh5 28. Qd4+ Kh7 29. Qxd6 Rcf7 30. Ne4 Nxf4 31. Ng3
Nh3+ 32. Kh1 Rxf1+ 0-1

[Event "RUS-ch U20"]
[Site "Ekaterinburg"]
[Date "1996.??.??"]
[Round "11"]
[White "Prokopchuk, Evgeny"]
[Black "Belozerov, Andrei"]
[Result "0-1"]
[WhiteElo "2450"]
[BlackElo "2430"]
[Annotator "Johnson,M"]
[PlyCount "56"]
[EventDate "1996.??.??"]
[EventType "tourn"]
[EventRounds "11"]
[EventCountry "RUS"]
[EventCategory "8"]
[SourceTitle "CBM 054"]
[Source "ChessBase"]
[SourceDate "1996.10.01"]
[SourceVersion "1"]
[SourceVersionDate "1996.10.01"]
[SourceQuality "1"]

1. e4 c5 2. Nf3 d6 3. d4 cxd4 4. Nxd4 Nf6 5. Nc3 g6 6. Be2 Bg7 7. O-O O-O 8.
Bg5 Nc6 9. Nb3 a6 10. f4 b5 11. Bf3 b4 12. Na4 (12. Nd5 Nxd5 13. exd5 Na5 14.
Qe2 Nxb3 15. cxb3 Qb6+ 16. Kh1 Re8 17. Rfe1 h6 18. Bh4 Qd4 19. Rac1 Qxf4 20.
Bxe7 Bf5 21. Rc4 Qe5 22. Qd1 Qxb2 23. Re2 Qb1 24. Rc1 Qd3 25. Bxd6 Bc3 26. Be7
Ra7 27. d6 Qb5 28. Qg1 Qb8 29. Rd1 Bg7 30. Qc5 Rc8 {Ljubojevic,L-Sosonko,G/
Tilburg 1984 1-0(52)}) 12... Bd7 13. e5 Ne8 (13... dxe5 14. fxe5 Nxe5 15. Bxa8
Qxa8 16. Nac5 Bc6 17. Qe2 {~/= Zapata,A-Gurevich,D/New York 1984}) 14. exd6
Nxd6 15. Re1 Ra7 16. Bh4 Qb8 $2 17. Nac5 $2 {White misses an opportunity,
better was} (17. Bf2 Rc7 18. Nbc5 Bc8 19. Bxc6 Rxc6 20. Rxe7 {and White is
clearly on top}) 17... Rc8 18. Rxe7 $6 (18. Bxe7) 18... Nxe7 19. Bxe7 Bf8 20.
Bxf8 Rxf8 21. Qd4 (21. Qd5) 21... Nf5 22. Qf6 (22. Qd2) 22... Qxf4 $17 23. Rf1
(23. Re1) 23... Bb5 24. Re1 Qh4 $19 25. Qxh4 Nxh4 26. Bb7 Rd8 27. Re4 Rd1+ 28.
Kf2 Rf1+ 0-1

[Event "Politiken Cup 18th"]
[Site "Copenhagen"]
[Date "1996.??.??"]
[Round "4"]
[White "Emms, John M"]
[Black "Hodgson, Julian M"]
[Result "1-0"]
[WhiteElo "2500"]
[BlackElo "2615"]
[Annotator "Johnson,M"]
[PlyCount "42"]
[EventDate "1996.06.??"]
[EventType "swiss"]
[EventRounds "11"]
[EventCountry "DEN"]
[SourceTitle "CBM 054"]
[Source "ChessBase"]
[SourceDate "1996.10.01"]
[SourceVersion "1"]
[SourceVersionDate "1996.10.01"]
[SourceQuality "1"]

1. e4 c5 2. Nf3 d6 3. d4 cxd4 4. Nxd4 Nf6 5. Nc3 g6 6. Bc4 Bg7 7. O-O O-O 8.
Re1 {more usual is 8.h3} Nc6 (8... a6 9. h3 b5 10. Bb3 Bb7 11. Nd5 Nbd7 {
is a better setup for Black}) 9. h3 Nxd4 10. Qxd4 Be6 $2 (10... Nd7) 11. Bxe6
fxe6 12. e5 $16 Nh5 13. g4 Bxe5 14. Rxe5 dxe5 15. Qxd8 Raxd8 16. gxh5 gxh5 17.
Be3 a6 18. Ne4 Rc8 19. c3 Rc4 20. Nd2 Rc6 21. a4 Kf7 1-0

[Event "Minsk"]
[Site "Minsk"]
[Date "1996.??.??"]
[Round "3"]
[White "Kupreichik, Viktor D"]
[Black "Fedorov, Alexei"]
[Result "1-0"]
[WhiteElo "2485"]
[BlackElo "2540"]
[Annotator "Johnson,M"]
[PlyCount "101"]
[EventDate "1996.??.??"]
[EventType "tourn"]
[EventRounds "11"]
[EventCountry "BLR"]
[EventCategory "11"]
[SourceTitle "CBM 054"]
[Source "ChessBase"]
[SourceDate "1996.10.01"]
[SourceVersion "1"]
[SourceVersionDate "1996.10.01"]
[SourceQuality "1"]

1. e4 c5 2. Nf3 d6 3. Nc3 Nf6 4. d4 cxd4 5. Nxd4 g6 6. Be2 Bg7 7. O-O O-O 8.
Bg5 Nc6 9. Nb3 a6 10. Re1 b5 11. Bf1 h6 12. Bh4 e6 13. Qd2 Qc7 14. a4 (14. Rad1
Rd8 15. f4 Bb7 16. a3 Rac8 17. f5 Ne5 18. fxe6 fxe6 19. Nd4 Qe7 20. Nf3 g5 21.
Bf2 Nxf3+ 22. gxf3 Nh5 23. Bd4 Bxd4+ 24. Qxd4 Qf8 25. Qe3 Rc7 26. Ne2 Rf7 27.
Bh3 Bc8 28. Rf1 Kh8 29. Bg4 Nf4 30. Nxf4 Rxf4 31. Rd2 Qf7 32. Bh3 Rf8 33. Bg2
Bb7 34. Rfd1 d5 35. h3 Kg8 36. c3 Qg7 37. Qb6 Qf7 38. Qe3 Rf6 39. e5 Rf5 40.
Rd4 Qg7 {1/2-1/2 Adams,M-Miles,A/Tilburg 59/245 1993 (122)}) (14. Bxf6 Bxf6 15.
Qxh6 Ne5 $13 {according to Miles}) 14... b4 15. Nd1 Bb7 16. Bxf6 Bxf6 17. Qxh6
Rfd8 18. Rb1 Na5 $44 19. Nxa5 Qxa5 20. b3 Rac8 21. Bd3 $6 (21. Bc4 $142 Rc5 22.
Bxe6 fxe6 23. Qxg6+ Bg7 24. Qxe6+ Kh8 25. Re3 {+/=/+/-}) 21... Rc5 $1 22. Ne3
Rh5 23. Nc4 (23. Qf4 Be5) 23... Qc5 24. Qf4 Kg7 25. h3 d5 26. exd5 Rdxd5 27.
Qb8 (27. Ne3 Rd4 28. Qh2 Be5 $15) 27... Rd7 28. Be4 Bd4 $1 29. Bxb7 $2 (29. Qg3
Rg5 30. Qh4) 29... Bxf2+ 30. Kh1 Bxe1 31. Rxe1 Rh8 $17 32. Qf4 Rxb7 33. Rf1 f5
$6 {this weakens Black's King position and gives White chances. Better is} (
33... Qf5 34. Qd4+ e5 35. Qxe5+ Qxe5 36. Nxe5 Re8 {should win for black}) 34.
Rd1 Qe7 35. Rd6 {already the consequences of 33...f5 are showing, e5 and e6
are a source of concern for Black, in addition he is losing the a-pawn} Qf6 36.
Rxa6 Rh4 37. Qd6 Re4 38. Kh2 Kh7 39. a5 Qa1 40. Rb6 {and now White is better!}
Rf7 (40... Rxb6 41. axb6 Re1 42. Qxb4 $18) 41. Nd2 Re1 42. Nf3 $18 Rh1+ 43. Kg3
f4+ 44. Kg4 Qf6 45. Ng5+ Kg7 46. Nxe6+ (46. Nxf7 $4 Qf5+ 47. Kf3 (47. Kh4 Qh5#)
47... Qh5+ 48. Kxf4 (48. Ke4 Qe2+ 49. Kxf4 Qf2+ 50. Ke4 Re1+ 51. Kd3 Qe2+ $1
52. Kd4 Qxc2 $1 $19) (48. Kf2 Qh4+ 49. Ke2 Qe1+ 50. Kd3 Qc3+ 51. Ke4 Qe3#)
48... Qh4+ 49. Kf3 Rf1+ 50. Ke3 Qe1+ 51. Kd4 Qc3+ 52. Ke4 Qxc2+ 53. Ke3 Qf2+
54. Ke4 Re1+ 55. Kd3 Rd1+ 56. Kc4 Rd5 $3 $19) 46... Kh6 47. Qxf4+ Qxf4+ 48.
Nxf4 Rg7 49. Rxb4 Ra1 50. Rb5 Ra2 51. Rc5 1-0

[Event "Capablanca Memorial Elite 30th"]
[Site "Matanzas"]
[Date "1995.??.??"]
[Round "1"]
[White "Rodriguez Cespedes, Amador"]
[Black "Blanco Fernandez, Alvaro"]
[Result "1/2-1/2"]
[WhiteElo "2520"]
[BlackElo "2455"]
[Annotator "King,D"]
[PlyCount "63"]
[EventDate "1995.05.??"]
[EventType "tourn"]
[EventRounds "13"]
[EventCountry "CUB"]
[EventCategory "11"]
[SourceTitle "CBM 048"]
[Source "ChessBase"]
[SourceDate "1995.10.01"]
[SourceVersion "1"]
[SourceVersionDate "1995.10.01"]
[SourceQuality "1"]

1. e4 c5 2. Nf3 Nc6 3. d4 cxd4 4. Nxd4 Nf6 5. Nc3 d6 6. g3 g6 7. Nde2 Bg7 8.
Bg2 Bg4 9. h3 Bd7 10. b3 O-O 11. Bb2 a6 12. Qd2 Rb8 13. O-O-O {Rodriguez is in
an adventurous mood. There was nothing wrong with 13 0-0.} Qa5 14. Kb1 Rfc8 15.
f4 b5 16. Rhe1 Ne8 17. g4 b4 18. Nd5 {White's powerful central position is
more than sufficient to counterbalance Black's Qside attack.} Bxb2 19. Kxb2 e6
20. Ne3 Na7 21. c4 bxc3+ 22. Nxc3 Rc7 23. Nb1 Qb6 24. Na3 Bb5 25. Ka1 Rd7 26.
Nac4 Qd8 27. g5 Nc6 28. Qc3 e5 29. fxe5 Bxc4 30. Nxc4 Qxg5 31. Bf3 Qe7 32. exd6
1/2-1/2